000
00327nam a2200109Ia 4500
008
171211s9999 xx 000 0 und d
245
_a
Learning Responsive Web Design: A Beginner's Guide
245
_c
Clarissa Peterson
260
_c
2014
650
_x
Web Development
856
_u
http://down.ebook777.com/011/9780071701341.pdf
999
_c
350092
_d
350092